Historia Stanów Zjednoczonych Ameryki. (Rekord nr 32412)
| 000 -ETYKIETA REKORDU | |
|---|---|
| podpole kontrolne o stałej długości | 01264nam a2200313 i 4500 |
| 001 - NUMER KONTROLNY REKORDU | |
| pole kontrolne | bg |
| 003 - IDENTYFIKATOR NUMERU KONTROLNEGO REKORDU | |
| podpole kontrolne | BPK |
| 005 - DATA OSTATNIEJ MODYFIKACJI REKORDU | |
| podpole kontrolne | 20190725095257.0 |
| 008 - POLE O STAŁEJ DŁUGOŚCI - DANE KONTROLNE | |
| podpole kontrolne o stałej długości | 980708s1995 pl a |001 0 pol |
| 015 ## - NUMER BIBLIOGRAFII NARODOWEJ | |
| Numer bibliografii narodowej | PB 437/96 |
| 020 ## - MIĘDZYNARODOWY ZNORMALIZOWANY NUMER KSIĄŻKI - ISBN | |
| ISBN | 8301118946 |
| 040 ## - ŹRÓDŁO KATALOGOWANIA | |
| Instytucja, która sporządziła opis | WA N |
| Instytucja, która utworzyła rekord | BPK |
| 041 1# - KOD JĘZYKA | |
| Kod języka tekstu | pol |
| Kod języka oryginału | eng |
| 080 ## - UNIWERSALNA KLASYFIKACJA DZIESIĘTNA - UKD | |
| UKD | 973 |
| 245 00 - TYTUŁ/ODPOWIEDZIALNOŚĆ | |
| Tytuł | Historia Stanów Zjednoczonych Ameryki. |
| Oznaczenie części/sekcji dzieła | T. 2, |
| Tytuł części/sekcji dzieła | 1763-1848 / |
| Pozostałe elementy strefy tytułu i oznaczenia odpowiedzialności | red. nauk. Bernard W. Sheehan, Irmina Wawrzyczek ; [aut.] Lance Banning [et al. ; red. nauk. Andrzej Bartnicki, Donald T. Critchlow]. |
| 260 ## - STREFA ADRESU WYDAWNICZEGO | |
| Miejsce wydania | Warszawa : |
| Nazwa wydawcy/dystrybutora | Wydaw. Naukowe PWN, |
| Data publikacji, dystrybucji/powstania dokumentu | 1995. |
| 300 ## - STREFA OPISU FIZYCZNEGO | |
| Objętość | 357, [2] s., [32] s. tabl. : |
| Inne cechy fizyczne | il., faks., fot., mapy, portr. ; |
| Rozmiary | 24 cm. |
| 500 ## - UWAGI OGÓLNE | |
| Tekst uwagi | Tekst częśc. tł. z ang. |
| 504 ## - UWAGA DOTYCZĄCA BIBLIOGRAFII | |
| Informacje o bibliografii | Bibliogr. przy rozdz. - Indeksy. |
| 651 #4 - HASŁO PRZEDMIOTOWE W FORMIE NAZWY GEOGRAFICZNEJ | |
| Nazwa geograficzna | Stany Zjednoczone |
| Określnik chronologiczny | 18-19 w. |
| 700 1# - HASŁO DODATKOWE - NAZWA OSOBOWA | |
| Nazwa osobowa | Critchlow, Donald T. |
| Daty związane z nazwą | (1948- ). |
| Określenie związku między hasłem a opisywanym materiałem | Red. |
| 700 1# - HASŁO DODATKOWE - NAZWA OSOBOWA | |
| Nazwa osobowa | Sheehan, Bernard W. |
| Daty związane z nazwą | (1934- ) |
| Określenie związku między hasłem a opisywanym materiałem | Red. |
| 700 1# - HASŁO DODATKOWE - NAZWA OSOBOWA | |
| Nazwa osobowa | Wawrzyczek, Irmina. |
| Określenie związku między hasłem a opisywanym materiałem | Red. |
| 700 1# - HASŁO DODATKOWE - NAZWA OSOBOWA | |
| Nazwa osobowa | Banning, Lance |
| Daty związane z nazwą | (1942- ). |
| 700 1# - HASŁO DODATKOWE - NAZWA OSOBOWA | |
| Nazwa osobowa | Bartnicki, Andrzej |
| Daty związane z nazwą | (1933-2004). |
| Określenie związku między hasłem a opisywanym materiałem | Redakcja |
| 710 2# - HASŁO DODATKOWE - NAZWA CIAŁA ZBIOROWEGO | |
| Nazwa ciała zbiorowego lub jednostki geograficznej | Wydawnictwo Naukowe PWN |
| Kod określenia powiązania | pbl. |
| 856 ## - LOKALIZACJA I DOSTĘP DO ELEKTRONICZNYCH DOKUMENTÓW ZDALNYCH | |
| Link (URL) | http://koha.tu.koszalin.pl/cgi-bin/koha/opac-detail.pl?biblionumber=32412 |
| Tekst linku | Katalog online BPK |
| 942 ## - DODATKOWE ELEMENTY (KOHA) | |
| Schemat klasyfikacji | Uniwersalna Klasyfikacja Dziesiętna |
| Typ dokumentu | Książka |
| Wycofany | Status egzemplarza | Uszkodzony | Dostępność | Lokalizacja stała | Lokalizacja bieżąca | Miejsce przechowywania | Sygnatura | Kod kreskowy | Dział | Typ dokumentu |
|---|---|---|---|---|---|---|---|---|---|---|
| Tylko na miejscu | Biblioteka Politechniki Koszalińskiej | Biblioteka Politechniki Koszalińskiej | Czytelnia Wydziałowa ul. Kwiatkowskiego 6e | 41281 | 01274288 | Książka | ||||
| Tylko na miejscu | Czytelnia Wydziału Elektroniki i Informatyki, Wydziału Architektury i Wzornictwa, Wydziału Inżynierii Mechanicznej i Energetyki oraz Wydziału Inżynierii Lądowej, Środowiska i Geodezji | Czytelnia Wydziału Elektroniki i Informatyki, Wydziału Architektury i Wzornictwa, Wydziału Inżynierii Mechanicznej i Energetyki oraz Wydziału Inżynierii Lądowej, Środowiska i Geodezji | Czytelnia Wydziałowa ul. Śniadeckich 2 | 41280 | 01274295 | 93/94 Historia | Książka |
